000 00417nam a2200181Ia 4500
008 100917s9999 xx 000 0 und d
082 _b53848
100 _a---
245 _aछायानट
260 _b---
_c---
300 _a218
365 _b0
520 _aकादंबरी
630 _aछायानट
650 _aकादंबरी
730 _aछायानट
942 _cBOOK
999 _c659242
_d659239